| 000 | 00487nam a2200157Ia 4500 | ||
|---|---|---|---|
| 008 | 231217s9999 xx 000 0 und d | ||
| 020 | _a9814033103 | ||
| 041 | _aEnglish | ||
| 082 | _a004.35 CUL;13 | ||
| 100 | _aCuller, David E. Singh, Jaswinder Pal. Gupta, Anoop. | ||
| 245 | 0 | _aParallel computer architecture : a hardware/software approach | |
| 260 |
_c1999 _bMorgan Kaufmann _aDelhi |
||
| 300 | _axxix+1025 | ||
| 650 | _aComputer,architecture,:,hardware/software | ||
| 942 | _cAA | ||
| 999 |
_c180917 _d180917 |
||